The Second Authoritative International Forum To Explore The HS With A Focus On Enhancing The Classification Of Products With Confidence / (Record no. 4500)

000 -LEADER
fixed length control field nam a22 a 4500
005 - DATE AND TIME OF LATEST TRANSACTION
control field 20170530153001.0
008 - FIXED-LENGTH DATA ELEMENTS--GENERAL INFORMATION
fixed length control field 170530s2007 be ||||| |||| 00| 0 eng d
040 ## - CATALOGING SOURCE
Original cataloging agency AKMAL
082 ## - DEWEY DECIMAL CLASSIFICATION NUMBER
Classification number 382.7 INT
090 ## - LOCALLY ASSIGNED LC-TYPE CALL NUMBER (OCLC); LOCAL CALL NUMBER (RLIN)
Classification number (OCLC) (R) ; Classification number, CALL (RLIN) (NR) 382.7
Local cutter number (OCLC) ; Book number/undivided call number, CALL (RLIN) INT
245 14 - TITLE STATEMENT
Title The Second Authoritative International Forum To Explore The HS With A Focus On Enhancing The Classification Of Products With Confidence /
Statement of responsibility, etc. World Customs Organization
246 1# - VARYING FORM OF TITLE
Display text At head of title :
Title proper/short title Application of The WCO Harmonized System 2007.
260 ## - PUBLICATION, DISTRIBUTION, ETC.
Place of publication, distribution, etc. Brussels, Belgium:
Name of publisher, distributor, etc. World Customs Organization,
Date of publication, distribution, etc. 2007.
300 ## - PHYSICAL DESCRIPTION
Extent various paging (loose-leaf) ;
Dimensions 21 cm x 30 cm
650 10 - SUBJECT ADDED ENTRY--TOPICAL TERM
Topical term or geographic name entry element Tariff
General subdivision Terminology and classification.
9 (RLIN) 4075
650 20 - SUBJECT ADDED ENTRY--TOPICAL TERM
Topical term or geographic name entry element Commercial products
General subdivision Classification.
9 (RLIN) 4076
710 2# - ADDED ENTRY--CORPORATE NAME
Corporate name or jurisdiction name as entry element World Customs Organization
9 (RLIN) 5917
942 ## - ADDED ENTRY ELEMENTS (KOHA)
Source of classification or shelving scheme
Koha item type Book
950 ## - LOCAL HOLDINGS (RLIN)
Permanent shelving location, LOC (RLIN) AKMAL
Holdings
Withdrawn status Lost status Source of classification or shelving scheme Damaged status Not for loan Collection code Home library Current library Shelving location Date acquired Inventory number Total Checkouts Full call number Barcode Date last seen Price effective from Koha item type
          NON-FICTION AKMAL Melaka AKMAL Melaka RUJUKAN 30.05.2017 002586   382.7 INT 201706867 30.05.2017 30.05.2017 Book
          NON-FICTION AKMAL Melaka AKMAL Melaka RUJUKAN 30.05.2017 002587   382.7 INT 201706868 30.05.2017 30.05.2017 Book
Pusat Sumber Maklumat Dato' Haji Sarmin Md Hussin, Akademi Kastam Diraja Malaysia, Melaka
Tel: 06-2331106 | Faks: 06-2313787